000 00553nam a2200217 i 4500
001 bg
100 1 _aOLECHNICKI, Krzysztof
245 1 0 _aSłownik socjologiczny /
_cKrzysztof Olechnicki, Paweł Załęcki.
260 _aToruń :
_bGraffiti BC,
_c1997.
300 _a262, [1] s. ;
_c21 cm.
650 9 _aSocjologia
655 _aSłowniki
700 1 _aZAŁĘCKI, Paweł
020 _a8390078414
040 _cBPK
041 0 _apl
080 _a316(03)
920 _a83-900784-1-4
942 _cKS
008 s pl f |000 0 pol
999 _c31240
_d31240
856 _uhttp://koha.tu.koszalin.pl/cgi-bin/koha/opac-detail.pl?biblionumber=31240
_yKatalog online BPK